000 00390 a2200169 4500
001 74154
020 _a851003288-2
040 _cAnchieta - Colégio São Paulo
100 _aMotta, Marly Silva da
240 1 0 _aHistória em curso
_lpor
245 1 0 _aHistória em curso
300 _a415
362 0 _a2004
440 1 _aEditora do Brasil
650 4 _aHistória do mundo
942 _cBK
999 _c74154
_d74154